COMPUTER AND MANAGEMENT (Record no. 580536)

000 -LEADER
fixed length control field 00288nam a22001217a 4500
020 ## - INTERNATIONAL STANDARD BOOK NUMBER
International Standard Book Number 0-07-054627-4
082 ## - DEWEY DECIMAL CLASSIFICATION NUMBER
Classification number 658.403 SAN'C
100 ## - MAIN ENTRY--PERSONAL NAME
Personal name BIRKIN, S.J,SANDERS, D.H
9 (RLIN) 75044
245 ## - TITLE STATEMENT
Title COMPUTER AND MANAGEMENT
260 ## - PUBLICATION, DISTRIBUTION, ETC.
Place of publication, distribution, etc. NEWYORK
Name of publisher, distributor, etc. MCGRAW HILL
Date of publication, distribution, etc. 1980
300 ## - PHYSICAL DESCRIPTION
Extent 490P
942 ## - ADDED ENTRY ELEMENTS (KOHA)
Koha item type Book
Holdings
Withdrawn status Lost status Damaged status Not for loan Permanent Location Current Location Shelving location Date acquired Total Checkouts Full call number Barcode Date last seen Price effective from Koha item type
        College of Electrical & Mechanical Engineering (CEME) College of Electrical & Mechanical Engineering (CEME) General Stacks 05/15/2017   658.403 SAN'C CEME-14689 06/28/2021 06/28/2021 Book
© 2023 Central Library, National University of Sciences and Technology. All Rights Reserved.